000 00628nam a2200193Ia 4500
003 GCL
008 140319s9999 xx 000 0 ara d
040 _aGCL /
_cGCL
082 0 4 _aق
_b953.082
_bا م
100 1 _aاحمد عبدالكريم سليمان
245 1 0 _aالمغول والمماليك فى عهد دولة بنى قلاوون /
_cاحمد عبدالكريم سليمان
260 _a[S.N] :
_bدار النهضة العربية ،
_c1984
300 _a109 ص
490 _a
650 0 4 _aمصر
650 0 4 _aالتاريخ الاسلامى
650 0 4 _aالمغول والتتار
942 _2ddc
_cBK
999 _c37048
_d37048